Записки разных лиц о Франции во времена Великой французской революции, письма разных лиц Екатерине II о положении во Франции, сп...

RUSMARC
00006110cbc2a2200289 x 450
001cd857eef-40f8-4720-8a08-abe2fde4e03e
00520170405091901.0
100##$a20120920l17751798k y0rusy0102 ca
1010#$afre
2001#$aЗаписки разных лиц о Франции во времена Великой французской революции, письма разных лиц Екатерине II о положении во Франции, список лиц, вотировавших за смерть Людовика XVI, указ Павла I о поселении французских эмигрантов в России, документы о корпусе принца Конде, родословная фамилии Бонапартов
$j1775-1798
251##$cДело
215##$a167 листов
2250#$aФонд БЕНКЕНДОРФЫ. АЛОПЕУСЫ. ШУВАЛОВЫ
$hОпись № 1
300##$aНа французском языке
300##$aРукописный текст. Чернила
300##$a"Письма разных лиц Екатерине II..." - копии
300##$aЛисты 90-93, 110-113 повреждены
801#0$aRU
$bНПО Опыт
$c20120920
801#1$aRU
$bНПО Опыт
$c20120920
$2rusmarc
801#2$aRU
$bПБ им. Б.Н. Ельцина
$c20150319
$gRCR
$2rusmarc
850##$aГосударственный архив Российской Федерации
852##$aГА РФ
$j471
937##$d25067570
$hПБ
035##$aRuPRLIB112601471
1222#$ad1775######
$ad1778######
461#0$1001f7c9f590-7532-4072-ab95-8efff778221f
$12001
$aБЕНКЕНДОРФЫ. АЛОПЕУСЫ. ШУВАЛОВЫ. Бенкендорф Александр Константинович, граф, посол в Дании, Англии. 18??-1916. Бенкендорф Константин Константинович, отец А. К. Бенкендорфа, военный агент в Берлине, посланник при Вюртембергском дворе. 1817-1858. Бенкендорф Константин Христофорович, дед А. К. Бенкендорфа, генерал-адъютант, участник Отечественной войны 1812 г., русско-персидской войны 1826-1828 гг., русско-турецкой войны 1828-1829 гг. 1785-1828. Алопеус Максим Максимович, родственник Бенкендорфов, посланник в Берлине. 1748-1822. Шувалов Петр Павлович, мировой судья Уманского округа Киевской губернии. 1819-1901
$1251
$cФонд
$1852
$j1126
462#0$1001fc0ce2ae-3ed1-410b-8f52-fe1a89921869
$12001
$aБенкендорфы. Алопеусы. Шуваловы
$vД. 471
$1251
$cОпись
$1852
$j1
605##$2acquisition_Prlib
$3DITM\AF\0000002775
$aВласть
$lколлекция
605##$2acquisition_Prlib
$3LIBNET\UAF\0000064838
$aРоссия – Франция: из истории взаимоотношений
$lколлекция
607##$2prlib_sh
$3LIBNET\UAF\0000066421
$aФранция
$jДокументы и материалы
$xПолитика и управление
$zкон. 18 - 19 вв.
607##$aРоссия
$jДокументы и материалы
$xВзаимоотношения
$z18 в.
$yФранция
$2nlr_sh
$3RU\NLR\AUTH\661547734
607##$aФранция
$jДокументы и материалы
$xВзаимоотношения
$z18 в.
$yРоссия
$2nlr_sh
$3RU\NLR\AUTH\661547735
617##$2prlib_sh
$aФранция
686##$a63.3(4Фра)52-33ю11
$vLBC/M
$2rubbk
Формат отображения